| 000 | 00755nam a2200229Ia 4500 | ||
|---|---|---|---|
| 001 | 9772 | ||
| 003 | GE_BSU | ||
| 008 | 181216s||||||||xx |||||||||||||| ||und|| | ||
| 040 | _cGE_BSU | ||
| 080 | _a821.353.1–1 | ||
| 100 | _aნარიმანიძე,სილოვან | ||
| 245 | _aიხმაურე მდინარევ | ||
| 245 | _bლექსები | ||
| 245 | _cრედ.რ.ორჯონიკიძე.მხატვ. თ.გიგაური | ||
| 260 | _aთბილისი | ||
| 260 | _bსაბჭოთა საქართველო | ||
| 260 | _c1965 | ||
| 300 | _a130გვ.17სმ. | ||
| 653 | _aიხმაურე მდინარევ | ||
| 653 | _aლექსები | ||
| 942 | _cBK | ||
| 999 |
_c43052 _d43052 |
||